000 01116cam a22002771i 4500
003 SA-RiAUC
005 20251002071541.0
008 250728s1988 le g b 000 0dara c
040 _aSA-JeALM
_bara
_cSA-RiAUC
_erda
082 0 4 _a257.1
090 _a257.1
_bع م ا
100 1 _aعمارة، محمد،
_d1931-2020
_eمؤلف.
245 1 0 _aالإسلام وأصول الحكم لعلي عبد الرازق :
_bدراسة ووثائق /
_cبقلم محمد عمارة.
250 _aالطبعة الثانية.
264 1 _aبيروت :
_bالمؤسسة العربية للدراسات والنشر،
_c1988
300 _a200 صفحة ؛
_c24 سم
336 _aنص
_btxt
_2rdacontent
_3كتاب
337 _aبدون وسيط
_bn
_2rdamedia
338 _aمجلد
_bnc
_2rdacarrier
504 _aببليوجرافية : صفحة 193.
600 1 7 _aعبد الرازق، علي،
_d1888-1966
_eمؤلف.
650 7 _aنظم الحكم في الإسلام
_2aucsh
650 7 _aالنظام السياسي في الإسلام
_2aucsh
942 _2ddc
_cBOOK
_n0
949 _aSA-JeALM
_d250728
_uosman123
_n1
999 _c12329
_d12329